Utilization of nanopartilces for nonlinear optical materials to be used in photonic devices / (رقم التسجيلة. 41168)

تفاصيل مارك
000 -LEADER
fixed length control field 01807cam a2200349 a 4500
003 - CONTROL NUMBER IDENTIFIER
control field EG-GiCUC
005 - DATE AND TIME OF LATEST TRANSACTION
control field 20250223030741.0
008 - FIXED-LENGTH DATA ELEMENTS--GENERAL INFORMATION
fixed length control field 130120s2012 ua dh f m 000 0 eng d
040 ## - CATALOGING SOURCE
Original cataloging agency EG-GiCUC
Language of cataloging eng
Transcribing agency EG-GiCUC
041 0# - LANGUAGE CODE
Language code of text/sound track or separate title eng
049 ## - LOCAL HOLDINGS (OCLC)
Holding library Deposite
097 ## - Thesis Degree
Thesis Level Ph.D
099 ## - LOCAL FREE-TEXT CALL NUMBER (OCLC)
Classification number Cai01.24.12.Ph.D.2012.Ab.U
100 0# - MAIN ENTRY--PERSONAL NAME
Personal name Abeer Mohamed Salah Eldin Khalil
245 10 - TITLE STATEMENT
Title Utilization of nanopartilces for nonlinear optical materials to be used in photonic devices /
Statement of responsibility, etc. Abeer Mohamed Salah Eldin Khalil ; Supervised Yehia Badr , Salah Hasab Elnabi , Iftitan Azzouz
246 15 - VARYING FORM OF TITLE
Title proper/short title إستخدام الجسيمات النانومترية كمواد لاخطية لإستخدامها فى الأجهزة الفوتونية
260 ## - PUBLICATION, DISTRIBUTION, ETC.
Place of publication, distribution, etc. Cairo :
Name of publisher, distributor, etc. Abeer Mohamed Salah Eldin Khalil ,
Date of publication, distribution, etc. 2012
300 ## - PHYSICAL DESCRIPTION
Extent 168P. :
Other physical details charts , facsimiles ;
Dimensions 25cm
502 ## - DISSERTATION NOTE
Dissertation note Thesis (Ph.D.) - Cairo University - National Institute of Laser Enhanced - Department of Laser Science and Interaction
520 ## - SUMMARY, ETC.
Summary, etc. Nano - photonics are an exciting area of research which may find tremendous technological applications by tuning the optical properties of nanoparticles (NPs) via tailoring their size , shapes and composition to suit any application . In this work , preparations and characterization of differtent NPs of different sizes and forms , such as solution , composite and thin films were carried out
530 ## - ADDITIONAL PHYSICAL FORM AVAILABLE NOTE
Additional physical form available note Issued also as CD
653 #4 - INDEX TERM--UNCONTROLLED
Uncontrolled term Nanopartilces
653 #4 - INDEX TERM--UNCONTROLLED
Uncontrolled term Nonlinear optical materials
653 #4 - INDEX TERM--UNCONTROLLED
Uncontrolled term Open - aperture Z scan
700 0# - ADDED ENTRY--PERSONAL NAME
Personal name Iftitan Azzouz ,
Relator term
700 0# - ADDED ENTRY--PERSONAL NAME
Personal name Salah Hasab Elnabi ,
Relator term
700 0# - ADDED ENTRY--PERSONAL NAME
Personal name Yehia Badr ,
Relator term
856 ## - ELECTRONIC LOCATION AND ACCESS
Uniform Resource Identifier <a href="http://172.23.153.220/th.pdf">http://172.23.153.220/th.pdf</a>
905 ## - LOCAL DATA ELEMENT E, LDE (RLIN)
Cataloger Fatma
Reviser Cataloger
905 ## - LOCAL DATA ELEMENT E, LDE (RLIN)
Cataloger Nazla
Reviser Revisor
942 ## - ADDED ENTRY ELEMENTS (KOHA)
Source of classification or shelving scheme Dewey Decimal Classification
Koha item type Thesis
المقتنيات
Source of classification or shelving scheme Not for loan Home library Current library Date acquired Full call number Barcode Date last seen Koha item type Copy number
Dewey Decimal Classification   المكتبة المركزبة الجديدة - جامعة القاهرة قاعة الرسائل الجامعية - الدور الاول 11.02.2024 Cai01.24.12.Ph.D.2012.Ab.U 01010110059314000 22.09.2023 Thesis  
Dewey Decimal Classification   المكتبة المركزبة الجديدة - جامعة القاهرة مخـــزن الرســائل الجـــامعية - البدروم 11.02.2024 Cai01.24.12.Ph.D.2012.Ab.U 01020110059314000 22.09.2023 CD - Rom 59314.CD
Cairo University Libraries Portal Implemented & Customized by: Eng. M. Mohamady Contacts: new-lib@cl.cu.edu.eg | cnul@cl.cu.edu.eg
CUCL logo CNUL logo
© All rights reserved — Cairo University Libraries
CUCL logo
Implemented & Customized by: Eng. M. Mohamady Contact: new-lib@cl.cu.edu.eg © All rights reserved — New Central Library
CNUL logo
Implemented & Customized by: Eng. M. Mohamady Contact: cnul@cl.cu.edu.eg © All rights reserved — Cairo National University Library